[Event "NRW U14 op"]
[Site "Olpe"]
[Date "2005.10.04"]
[Round "7.10"]
[White "Pliete, Henning"]
[Black "Dirking, Lars"]
[Result "1/2-1/2"]
[WhiteElo "1322"]
[BlackElo "1154"]
[PlyCount "58"]
[EventDate "2005.10.01"]
[EventType "swiss"]
[EventRounds "7"]
[EventCountry "GER"]
[SourceTitle "CBM 108 Extra"]
[Source "ChessBase"]
[SourceDate "2005.11.04"]
[SourceVersion "1"]
[SourceVersionDate "2005.11.04"]
[SourceQuality "1"]

1. e4 e5 2. Nf3 Nc6 3. Bc4 Bc5 4. Nc3 d6 5. h3 Nf6 6. d3 h6 7. Be3 Bxe3 8. fxe3 0-0 9. 0-0 Be6 10. Bb3 d5 11. exd5 Nxd5 12. Nxd5 Bxd5 13. e4 Be6 14. Qd2 Nd4 15. Nxd4 Qxd4+ 16. Kh1 Bxb3 17. axb3 Qxb2 18. Rab1 Qa2 19. Qc3 Qa6 20. Qxe5 Qc6 21. Rbc1 Rae8 22. Qd4 b6 23. Rf3 Rd8 24. Qe3 Rd6 25. Rg3 Rg6 26. Qf4 Rf6 27. Qe5 Re8 28. Qd4 Qd6 29. Qe3 Qf4 1/2-1/2

[Event "NRW U14 op"]
[Site "Olpe"]
[Date "2005.10.02"]
[Round "4.21"]
[White "Dirking, Lars"]
[Black "Heyng, Marcel"]
[Result "1-0"]
[WhiteElo "1154"]
[BlackElo "913"]
[PlyCount "81"]
[EventDate "2005.10.01"]
[EventType "swiss"]
[EventRounds "7"]
[EventCountry "GER"]
[SourceTitle "CBM 108 Extra"]
[Source "ChessBase"]
[SourceDate "2005.11.04"]
[SourceVersion "1"]
[SourceVersionDate "2005.11.04"]
[SourceQuality "1"]

1. e4 e5 2. Nf3 Nc6 3. Bc4 Bc5 4. Nc3 d6 5. d3 Bg4 6. h3 Bh5 7. b3 Nd4 8. g4 Bg6 9. Bb2 Qf6 10. Nxd4 Bxd4 11. Qd2 Qf3 12. Rh2 c6 13. Kf1 Ne7 14. b4 d5 15. exd5 cxd5 16. Bb5+ Nc6 17. Qe2 Qxe2+ 18. Kxe2 0-0 19. Rb1 Nxb4 20. Kd2 Rfc8 21. a3 Nc6 22. Nxd5 Rd8 23. Bxc6 bxc6 24. Ne7+ Kf8 25. Nxc6 Rd6 26. Nxe5 Rb8 27. Nxg6+ hxg6 28. Bxd4 Rxb1 29. Bc5 Ke7 30. Bxd6+ Kxd6 31. Kc3 Kc5 32. Rg2 Kb5 33. Rg3 Ka4 34. Rf3 f6 35. d4 Kxa3 36. d5 Rb5 37. d6 Rd5 38. Rd3 Rc5+ 39. Kd2+ Kb2 40. Rb3+ Ka2 41. d7 1-0